000
00348nam a2200133 a 4500
005
20140414093847.0
008
110304s19uu xx 00 eng d
050
_a
CD 499.2118
_b
F47 2008
245
_a
Filipino (tagalog) phrasebook and cd.
260
_a
Singapore :
_b
GMBH and CO,
_c
2008.
650
_a
Filipino
942
_c
AVM
999
_c
109719
_d
109719